Szczegóły MARC21

5 poziomów przywództwa : sprawdzone etapy maksymalizacji osobistego potencjału /

005 -DATA I CZAS OSTATNIEJ MODYFIKACJI [,]
    • @
    • pole kontrolne
    • 20140603140326.0
020 -Międzynarod. znormalizowany nr książki - ISBN [ , ]
    • a
    • Numer ISBN
    • 9788363488178 Find
040 -Instytucja sporządzająca opis [ , ]
    • a
    • Instytucja, która sporządziła opis (NP)
    • SZCZ U/JG
    • c
    • Instytucja, która sporządziła rekord (NP)
    • SZCZ U/JG
    • d
    • Instytucja, która zmodyfikowała rekord (P)
    • SZCZ U/MS
041 -Język dokumentu [1, ]
    • a
    • Język tekstu (P)
    • polski
    • h
    • Język tekstu oryginalnego i/lub pośredniego (P)
    • angielski
044 -Kraj miejsca wydania [ , ]
    • a
    • Kraj miejsca wydania
    • Polska
942 -Rodzaj dokumentu [ , ]
    • c
    • Rodzaj dokumentu
    • Książka
100 -Hasło główne - nazwa osobowa [1, ]
    • 9
    • KHW
    • 18052
    • a
    • Nazwa osobowa (NP)
    • Maxwell, John C.
    • d
    • Daty biograficzne (NP)
    • (1947- ).
245 -Strefa tytułu i oznaczenia odpowiedzialności [1,0]
    • a
    • Tytuł
    • 5 poziomów przywództwa : Find
    • b
    • Ciąg dalszy tytułu (NP)
    • sprawdzone etapy maksymalizacji osobistego potencjału / Find
    • c
    • Pozostałe elementy strefy tytułu i oznaczenia odpowiedzialności (NP)
    • John C. Maxwell.
246 -Wariant tytułu [3,0]
    • a
    • Tytuł (NP)
    • 5 Levels of Leadership
    • i
    • Tekst wyświetlany na ekranie monitora (NP)
    • Tyt. oryg.:
260 -Strefa adresu wydawniczego [ , ]
    • a
    • Miejsce wydania (P)
    • Warszawa :
    • b
    • Nazwa wydawcy (P)
    • LOGOS,
    • c
    • Data wydania (P)
    • cop. 2013.
300 -Strefa opisu fizycznego [ , ]
    • a
    • Określenie formy książki i/lub objętość (NP)
    • 320 s. :
    • b
    • Oznaczenie ilustracji (NP)
    • il. ;
    • c
    • Format (NP)
    • 21 cm.
500 -Uwaga ogólna [ , ]
    • a
    • Uwaga ogólna (NP)
    • Zawiera przypisy.
080 -Uniwersalna Klasyfikacja Dziesiętna [ , ]
    • 2
    • Identyfikator wydania tablic
    • UDC-P058
    • 9
    • UKD
    • 2819
    • a
    • Symbol klasyfikacji
    • 316.46
    • b
    • Dopowiedzenie
    • Przywództwo i władza jako proces społeczny. Socjologia władzy.
    • 4
    • UKD2
    • 8168
    • x
    • Poddział wspólny
    • (083.1)
    • c
    • Dopowiedzenie poddz. wspólnego
    • (Przepisy. Instrukcje. Poradniki praktyczne).
080 -Uniwersalna Klasyfikacja Dziesiętna [ , ]
    • 2
    • Identyfikator wydania tablic
    • UDC-P058
    • 9
    • UKD
    • 2229
    • a
    • Symbol klasyfikacji
    • 005.95/.96
    • b
    • Dopowiedzenie
    • Zarządzanie. Zarządzanie personelem. Zarządzanie zasobami ludzkimi. Mentoring.
    • 4
    • UKD2
    • 8168
    • x
    • Poddział wspólny
    • (083.1)
    • c
    • Dopowiedzenie poddz. wspólnego
    • (Przepisy. Instrukcje. Poradniki praktyczne).
980 -Symbol UKD [ , ]
    • a
    • UKD
    • 316.46:005.95/.96](083.1)
700 -Hasło dodatkowe - nazwa osobowa [1, ]
    • 9
    • KHW
    • 59887
    • a
    • Nazwa osobowa (NP)
    • Czekański, Marek Find
    • d
    • Daty biograficzne (NP)
    • (1948- ).
920 -ISBN [ , ]
    • a
    • ISBN
    • 978-83-63488-17-8 Find
Numer inwentarzowy Status udost. Lokalizacja Data inwentaryzacji
T.14948-2T2014-02-25